000 00370nam a2200133Ia 4500
008 240624s9999 xx 000 0 und d
041 _aeng
082 _a659.1 JON
100 _aJONES JOHN PHILIP
245 _aWHEN ADS WORK NEW PROOF THAT ADVERTISING
250 _a(2nd ed.)
260 _c2007
_aNew Delhi
_bPrentice-Hall of India
300 _axix, : 209 : p. : cm. ; 21
999 _c21572
_d21572